000 01087cam a2200325 i 4500
003 EG-GICUC
005 20260315113108.0
008 260315s1990 mnu fr 001 0 eng d
020 _a0314718230
040 _aEG-GICUC
_cEG-GICUC
_dEG-GICUC
_beng
_erda
043 _an-us---
082 0 0 _a347.224
_221
092 0 4 _221
099 _aLaw 12 1990
100 1 _aKanowitz, Leo.
245 1 0 _a1990 supplement to Cases and materials on alternative dispute resolution /
_cby Leo Kanowitz.
264 _aSt. Paul, Minn. :
_bWest Pub. Co.,
_c1990.
300 _aviii, 162pages ;
_c26 cm
336 _atext
_2rdacontent
337 _aComputer
_2rdamedia
338 _aOnline Resource
_2rdacarrier
440 0 _aAmerican casebook series
500 _aCover title: Alternative disputes resolution.
650 0 _aDispute resolution (Law)
_zUnited States
_xCases.
650 0 _aArbitration and award
_zUnited States
_xCases.
740 0 _aAlternative disputes resolution.
856 4 0 _uhttps://fll.law.cu.edu.eg/fulltext/bks/ENGB12-00095.pdf
905 _a10
942 _2ddc
_cBK
_e21
_n0
999 _c66342
_d66342